湖の数が多い国 - Statistics

General Stats
  • This quiz has been taken 185 times
  • The average score is 8 of 10
Answer Stats
% Correct
アメリカ 102,500
100%
カナダ 879,800
98%
ロシア 201,200
98%
中国 23,800
96%
ブラジル 20,900
92%
フィンランド 188,000
77%
スウェーデン 22,600
77%
ノルウェー 20,000
75%
アルゼンチン 13,600
73%
カザフスタン 12,400
63%
No matching quizzes found
Score Distribution
Percent of People with Each Score
Percentile by Number Answered
Your Score History
You have not taken this quiz